[Event "Mollet del Valles op 4th"]
[Site "Mollet del Valles"]
[Date "2016.11.25"]
[Round "9"]
[White "Alfonso Nogue, Beatriz"]
[Black "Abreu Flores, Daniel"]
[Result "1-0"]
[WhiteElo "2094"]
[BlackElo "1869"]
[PlyCount "85"]
[EventDate "2016.09.30"]
[EventType "swiss"]
[EventRounds "9"]
[EventCountry "ESP"]
[SourceTitle "EXT 2018"]
[Source "ChessBase"]
[SourceDate "2017.10.13"]
[SourceVersion "1"]
[SourceVersionDate "2017.10.13"]
[SourceQuality "1"]

1. d4 e6 2. c4 Nf6 3. Nf3 c5 4. d5 b5 5. Nc3 b4 6. Nb1 Bb7 7. dxe6 fxe6 8. Bf4 Be7 9. e3 d6 10. h3 0-0 11. Be2 a5 12. Nbd2 Na6 13. 0-0 Nc7 14. Qc2 e5 15. Bh2 Qe8 16. Ng5 Qg6 17. Qxg6 hxg6 18. Bd3 Nh7 19. Nge4 g5 20. Rad1 Rad8 21. Ng3 Bc8 22. Nde4 Ne6 23. Bc2 g6 24. Rd2 Rd7 25. Rfd1 Rfd8 26. Ba4 Ra7 27. Nxd6 Bd7 28. Bc2 Nhf8 29. Nge4 Bc6 30. Bxe5 Nd7 31. Bg3 Nb6 32. Bd3 Rad7 33. Be2 Bxe4 34. Nxe4 Rxd2 35. Rxd2 Rxd2 36. Nxd2 Bf6 37. b3 a4 38. Ne4 Be7 39. Bb8 Nd7 40. Bd6 axb3 41. axb3 Kf7 42. Bxe7 Kxe7 43. Kh2 1-0

[Event "Mollet del Valles op 4th"]
[Site "Mollet del Valles"]
[Date "2016.10.21"]
[Round "4"]
[White "Abreu Flores, Daniel"]
[Black "Parramon Ros, Francesco"]
[Result "1/2-1/2"]
[WhiteElo "1869"]
[BlackElo "2082"]
[PlyCount "57"]
[EventDate "2016.09.30"]
[EventType "swiss"]
[EventRounds "9"]
[EventCountry "ESP"]
[SourceTitle "EXT 2018"]
[Source "ChessBase"]
[SourceDate "2017.10.13"]
[SourceVersion "1"]
[SourceVersionDate "2017.10.13"]
[SourceQuality "1"]

1. e4 c5 2. Nc3 g6 3. Nge2 Nc6 4. g3 Bg7 5. Bg2 d6 6. d3 Bd7 7. h3 Rb8 8. Be3 b5 9. Qd2 b4 10. Nd1 a5 11. f4 a4 12. a3 Nd4 13. axb4 Nxe2 14. Qxe2 cxb4 15. Qf2 Qc7 16. 0-0 Rc8 17. Bd4 f6 18. e5 Qxc2 19. Qxc2 Rxc2 20. exd6 exd6 21. Re1+ Kf8 22. Ne3 Rd2 23. Nc4 Rxd3 24. Rad1 Rxd1 25. Rxd1 f5 26. Bxg7+ Kxg7 27. Rxd6 Nf6 28. Ne5 Bc8 29. Rd4 1/2-1/2

[Event "Mollet del Valles op 4th"]
[Site "Mollet del Valles"]
[Date "2016.10.07"]
[Round "2"]
[White "Abreu Flores, Daniel"]
[Black "Mas Recorda, Pere"]
[Result "1-0"]
[WhiteElo "1869"]
[BlackElo "2027"]
[PlyCount "51"]
[EventDate "2016.09.30"]
[EventType "swiss"]
[EventRounds "9"]
[EventCountry "ESP"]
[SourceTitle "EXT 2018"]
[Source "ChessBase"]
[SourceDate "2017.10.13"]
[SourceVersion "1"]
[SourceVersionDate "2017.10.13"]
[SourceQuality "1"]

1. e4 e6 2. d4 d5 3. Nd2 Nf6 4. e5 Nfd7 5. Bd3 c5 6. c3 Nc6 7. Ne2 Qb6 8. Nf3 f6 9. exf6 Nxf6 10. 0-0 Bd6 11. dxc5 Bxc5 12. b4 Bd6 13. b5 Na5 14. Bf4 Bxf4 15. Nxf4 0-0 16. Qa4 Qc7 17. Qd4 Ne4 18. Nxd5 exd5 19. Qxd5+ Kh8 20. Bxe4 Bg4 21. a4 Rad8 22. Qg5 Rf4 23. Rae1 Rdf8 24. Bxb7 Nxb7 25. Re7 Qxc3 26. Qxf4 1-0

[Event "Vall del Tenes op 5th"]
[Site "Vall del Tenes"]
[Date "2016.05.13"]
[Round "6"]
[White "Sanz Ogaya, Mario"]
[Black "Abreu Flores, Daniel"]
[Result "1-0"]
[WhiteElo "2007"]
[BlackElo "2044"]
[PlyCount "117"]
[EventDate "2016.04.08"]
[EventType "swiss"]
[EventRounds "8"]
[EventCountry "ESP"]
[SourceTitle "CBM 172 Extra"]
[Source "ChessBase"]
[SourceDate "2016.06.21"]
[SourceVersion "1"]
[SourceVersionDate "2016.06.21"]
[SourceQuality "1"]

1. c4 e5 2. Nc3 Nc6 3. g3 Bb4 4. Nd5 Bc5 5. Bg2 d6 6. e3 a5 7. h3 f5 8. Ne2 Nf6 9. 0-0 0-0 10. d4 Ba7 11. b3 e4 12. Nef4 Ne7 13. Nxf6+ Rxf6 14. Bb2 Qe8 15. Qd2 Bd7 16. d5 Rh6 17. Qc3 Qf8 18. Rfd1 Ng6 19. Nxg6 Rxg6 20. a3 Re8 21. Qxa5 Bb6 22. Qd2 f4 23. Kh2 f3 24. Bf1 Rh6 25. h4 Qf5 26. Qc3 Re7 27. b4 c6 28. c5 Bc7 29. dxc6 bxc6 30. cxd6 Bxd6 31. Kg1 Qg4 32. Rxd6 Rxd6 33. Qc5 Rde6 34. a4 Re8 35. a5 Rh6 36. Qd4 Rg6 37. a6 Ra8 38. a7 Qf5 39. Rd1 Be8 40. Qd8 Qc8 41. Qxc8 Rxc8 42. Bd4 Bf7 43. Ba6 Ra8 44. Bb7 Rxa7 45. Bxa7 Bc4 46. Bc5 Bd3 47. Ra1 Rf6 48. Ba6 Bxa6 49. Rxa6 Kf7 50. Ra7+ Kg6 51. Bd4 Rf7 52. Rxf7 Kxf7 53. Kf1 g6 54. Ke1 Ke6 55. Kd2 Kd6 56. Bc5+ Ke6 57. Kc3 Kf5 58. Kd4 h6 59. Bf8 1-0

[Event "Vall del Tenes op 5th"]
[Site "Vall del Tenes"]
[Date "2016.04.22"]
[Round "3"]
[White "Abreu Flores, Daniel"]
[Black "Crusats Mir, Josep"]
[Result "1/2-1/2"]
[WhiteElo "2044"]
[BlackElo "1840"]
[PlyCount "117"]
[EventDate "2016.04.08"]
[EventType "swiss"]
[EventRounds "8"]
[EventCountry "ESP"]
[SourceTitle "CBM 172 Extra"]
[Source "ChessBase"]
[SourceDate "2016.06.21"]
[SourceVersion "1"]
[SourceVersionDate "2016.06.21"]
[SourceQuality "1"]

1. e4 c5 2. Nc3 a6 3. a4 Nc6 4. Bc4 e6 5. d3 Bd6 6. f4 Nge7 7. Nf3 0-0 8. 0-0 h6 9. Kh1 Ng6 10. Ne2 Nh4 11. c3 Nxf3 12. Rxf3 Kh7 13. e5 Be7 14. d4 cxd4 15. cxd4 Nb4 16. Bd2 b6 17. Ng3 Bb7 18. Rf1 Rc8 19. Rc1 d5 20. Bb3 g6 21. Rxc8 Qxc8 22. Qf3 Qd7 23. h3 a5 24. f5 exf5 25. Bxb4 Bxb4 26. Bc2 Bc8 27. Qe3 Qc6 28. Rc1 Qe8 29. Bb3 Be6 30. Ne2 Qd7 31. Nf4 Be7 32. Qc3 Bg5 33. g3 Bxf4 34. gxf4 Kg7 35. Qc6 Qxc6 36. Rxc6 Rb8 37. Rd6 b5 38. Bxd5 Bxd5+ 39. Rxd5 bxa4 40. Rxa5 Rxb2 41. Rxa4 Rd2 42. Kg1 g5 43. Kf1 gxf4 44. Ke1 Rd3 45. Ke2 Rxh3 46. Ra6 Re3+ 47. Kf2 h5 48. Rf6 Re4 49. Rxf5 Rxd4 50. Rxh5 Kg6 51. Rh8 Kf5 52. Rh7 Ke6 53. Rh5 Rd5 54. Kf3 Rxe5 55. Rh6+ Kf5 56. Rh5+ Kf6 57. Rh4 Kg5 58. Rg4+ Kf6 59. Rxf4+ 1/2-1/2

[Event "Vall del Tenes op 5th"]
[Site "Vall del Tenes"]
[Date "2016.04.15"]
[Round "2"]
[White "Barcons Gallach, Alfonso"]
[Black "Abreu Flores, Daniel"]
[Result "1/2-1/2"]
[WhiteElo "1865"]
[BlackElo "2044"]
[PlyCount "157"]
[EventDate "2016.04.08"]
[EventType "swiss"]
[EventRounds "8"]
[EventCountry "ESP"]
[SourceTitle "CBM 172 Extra"]
[Source "ChessBase"]
[SourceDate "2016.06.21"]
[SourceVersion "1"]
[SourceVersionDate "2016.06.21"]
[SourceQuality "1"]

1. e4 e6 2. d4 d5 3. exd5 exd5 4. c4 Nf6 5. Nc3 Be7 6. Bd3 0-0 7. Nge2 dxc4 8. Bxc4 Bf5 9. 0-0 Nc6 10. a3 a6 11. Be3 Bd6 12. Ng3 Bg6 13. Nce2 h6 14. Bd3 Bxd3 15. Qxd3 Re8 16. h3 Nd5 17. Bd2 Bf8 18. Rad1 g6 19. Nf4 Bg7 20. Nxd5 Qxd5 21. Be3 Rad8 22. Ne2 Ne7 23. Qd2 Nf5 24. Nc3 Qd7 25. Ne2 Qe7 26. Rfe1 Nxe3 27. fxe3 Qxe3+ 28. Qxe3 Rxe3 29. Kf2 Rb3 30. Rd2 h5 31. Red1 c6 32. Nc1 Rb5 33. b4 Rf5+ 34. Kg1 Bh6 35. Re2 Bxc1 36. Rxc1 Rxd4 37. Re7 Rb5 38. Rf1 f5 39. Rfe1 Re4 40. R7xe4 fxe4 41. Rxe4 a5 42. bxa5 Rxa5 43. Re7 Rb5 44. a4 Rb2 45. Rc7 h4 46. a5 Ra2 47. Rxb7 Rxa5 48. Rb6 Rc5 49. Kf2 Rc3 50. Rb7 g5 51. Rc7 c5 52. Ke2 Kf8 53. Kd2 Rg3 54. Rxc5 Rxg2+ 55. Ke1 Kf7 56. Kf1 Rg3 57. Kf2 Kg6 58. Rc6+ Kh5 59. Rc8 Rxh3 60. Kg2 Rd3 61. Rc5 h3+ 62. Kh2 Kh4 63. Rc4+ g4 64. Ra4 Rf3 65. Rc4 Rf2+ 66. Kh1 Kg3 67. Rc3+ Rf3 68. Rc1 h2 69. Ra1 Kh3 70. Ra3 Kg3 71. Ra1 Rb3 72. Rd1 Kf3 73. Kxh2 Rb2+ 74. Kg1 g3 75. Rd3+ Kg4 76. Rd8 Rb4 77. Rg8+ Kf4 78. Rf8+ Kg4 79. Rg8+ 1/2-1/2

[Event "Vall del Tenes op 4th"]
[Site "Santa Eulalia de Roncana"]
[Date "2015.06.05"]
[Round "8"]
[White "Buldo Polls, Joan"]
[Black "Abreu Flores, Daniel"]
[Result "1-0"]
[WhiteElo "2095"]
[BlackElo "2027"]
[PlyCount "55"]
[EventDate "2015.04.10"]
[EventType "swiss"]
[EventRounds "8"]
[EventCountry "ESP"]
[SourceTitle "EXT 2016"]
[Source "ChessBase"]
[SourceDate "2015.10.08"]
[SourceVersion "1"]
[SourceVersionDate "2015.10.08"]
[SourceQuality "1"]

1. Nf3 Nf6 2. d4 c5 3. c3 e6 4. g3 cxd4 5. cxd4 b6 6. Bg2 Bb7 7. 0-0 Be7 8. Nc3 0-0 9. Bg5 d6 10. Re1 Nbd7 11. Rc1 a6 12. e4 e5 13. Qe2 Qb8 14. Bh3 Re8 15. dxe5 dxe5 16. Red1 Nc5 17. Bxf6 Bxf6 18. Nd5 Bd8 19. b4 Ne6 20. Qb2 f6 21. Qb3 Kh8 22. Bxe6 Rxe6 23. Nc7 Rc6 24. Nxa8 Rxc1 25. Rxc1 Qxa8 26. Qf7 h6 27. Rd1 Bxe4 28. Rd7 1-0

[Event "Vall del Tenes op 4th"]
[Site "Santa Eulalia de Roncana"]
[Date "2015.05.15"]
[Round "5"]
[White "Abreu Flores, Daniel"]
[Black "Sola Lluch, Miquel"]
[Result "1/2-1/2"]
[WhiteElo "2027"]
[BlackElo "2022"]
[PlyCount "106"]
[EventDate "2015.04.10"]
[EventType "swiss"]
[EventRounds "8"]
[EventCountry "ESP"]
[SourceTitle "CBM 166 Extra"]
[Source "ChessBase"]
[SourceDate "2015.06.18"]
[SourceVersion "1"]
[SourceVersionDate "2015.06.18"]
[SourceQuality "1"]

1. e4 e5 2. Nf3 Nc6 3. Bc4 Nf6 4. d4 Nxe4 5. dxe5 Nc5 6. 0-0 Be7 7. Nc3 0-0 8. Nd5 Ne6 9. Nxe7+ Qxe7 10. Re1 a6 11. a4 Rb8 12. c3 b5 13. axb5 axb5 14. Bd3 b4 15. Bb1 Bb7 16. Qd3 g6 17. Bh6 Rfe8 18. c4 Ncd8 19. Nd2 Nc5 20. Qg3 Kh8 21. f4 Nde6 22. Ne4 Nxe4 23. Bxe4 Bxe4 24. Rxe4 f5 25. exf6 Qxf6 26. Qf2 Kg8 27. Rae1 Ra8 28. g4 Kf7 29. Qd2 Qh4 30. f5 gxf5 31. gxf5 Nd4 32. Qxd4 Rxe4 33. Qxe4 Qxe4 34. Rxe4 Kf6 35. Rf4 b3 36. Rf3 Ra4 37. Bd2 Rxc4 38. Bc3+ Kf7 39. Kf2 d5 40. Ke3 c5 41. Kd3 Rh4 42. Be5 Re4 43. Bd6 c4+ 44. Kd2 Rg4 45. Rf2 Kf6 46. Bc7 d4 47. Bd8+ Kf7 48. f6 Rh4 49. Rg2 c3+ 50. bxc3 b2 51. Kc2 dxc3 52. Ba5 Rh3 53. Rf2 h5 1/2-1/2

[Event "Vall del Tenes op 4th"]
[Site "Santa Eulalia de Roncana"]
[Date "2015.05.08"]
[Round "4"]
[White "Bouzas Arcos, Juan Manuel"]
[Black "Abreu Flores, Daniel"]
[Result "0-1"]
[WhiteElo "2014"]
[BlackElo "2027"]
[PlyCount "98"]
[EventDate "2015.04.10"]
[EventType "swiss"]
[EventRounds "8"]
[EventCountry "ESP"]
[SourceTitle "CBM 166 Extra"]
[Source "ChessBase"]
[SourceDate "2015.06.18"]
[SourceVersion "1"]
[SourceVersionDate "2015.06.18"]
[SourceQuality "1"]

1. e4 e6 2. d4 d5 3. Nd2 Nf6 4. e5 Nfd7 5. Bd3 c5 6. c3 Nc6 7. Ne2 cxd4 8. cxd4 f6 9. exf6 Nxf6 10. 0-0 Bd6 11. Nf3 Qc7 12. Bg5 0-0 13. Rc1 Nh5 14. Qc2 h6 15. Bg6 Nf4 16. Bxf4 Bxf4 17. Nxf4 Qxf4 18. Qd1 Bd7 19. Bb1 Be8 20. Qd3 Qf5 21. Qe3 Qf6 22. Rfe1 Bh5 23. Ne5 Nxe5 24. dxe5 Qe7 25. Qd3 g5 26. Qh3 Qf7 27. f3 Kg7 28. Rc5 Rad8 29. Rec1 Bg6 30. Bxg6 Qxg6 31. Qg3 Rf7 32. h4 Rfd7 33. hxg5 hxg5 34. Qe1 d4 35. Qd2 Qf5 36. Kf2 Rd5 37. Rc7+ R8d7 38. Rxd7+ Rxd7 39. Rh1 Qxe5 40. Rh5 Kg6 41. g4 d3 42. Rh1 Qd4+ 43. Kg3 Rc7 44. Qd1 Rc2 45. Qe1 Re2 46. Qf1 Qf4+ 47. Kh3 e5 48. b3 e4 49. fxe4 Qe3+ 0-1

[Event "Vall del Tenes op 4th"]
[Site "Santa Eulalia de Roncana"]
[Date "2015.04.24"]
[Round "3"]
[White "Abreu Flores, Daniel"]
[Black "Basora Pascual, Pau"]
[Result "1-0"]
[WhiteElo "2027"]
[BlackElo "1847"]
[PlyCount "63"]
[EventDate "2015.04.10"]
[EventType "swiss"]
[EventRounds "8"]
[EventCountry "ESP"]
[SourceTitle "CBM 166 Extra"]
[Source "ChessBase"]
[SourceDate "2015.06.18"]
[SourceVersion "1"]
[SourceVersionDate "2015.06.18"]
[SourceQuality "1"]

1. e4 c5 2. c3 d6 3. d4 cxd4 4. cxd4 Nf6 5. Bd3 g6 6. Nf3 Bg7 7. h3 0-0 8. 0-0 a6 9. Nc3 b5 10. a3 Nbd7 11. Be3 Bb7 12. Nd2 Rc8 13. f4 e6 14. Qf3 Nb6 15. Rac1 d5 16. e5 Nfd7 17. b3 Qe7 18. Ndb1 Rc7 19. Ne2 Rfc8 20. g4 f6 21. Rxc7 Rxc7 22. Qg3 Rc8 23. Bd2 Qe8 24. Bb4 Bf8 25. Bxf8 Qxf8 26. f5 exf5 27. gxf5 g5 28. e6 Nb8 29. h4 h6 30. Rf2 Qg7 31. hxg5 Qxg5 32. Rg2 1-0